Statistics for Taylor Swift - Our Song Lyrics

Click here to take the quiz!

General Stats

  • This quiz has been taken 1,145 times
    (343 since last reset)
  • The average score is 311 of 371

Answer Stats

Answer % Correct
I
100%
I
100%
I
100%
I
100%
I
100%
I
100%
I
100%
I
100%
I
100%
I
100%
I
100%
I
100%
I
100%
I
100%
I
100%
I
100%
I
100%
I
100%
I
100%
I
100%
I
100%
the
99%
the
99%
the
99%
the
99%
the
99%
is
99%
song
99%
the
99%
the
99%
is
99%
the
99%
is
99%
song
99%
is
99%
a
99%
the
99%
The
99%
the
99%
is
99%
song
99%
the
99%
the
99%
song
99%
is
99%
song
99%
the
99%
The
99%
the
99%
song
99%
song
99%
the
99%
the
99%
song
99%
song
99%
a
99%
a
99%
is
99%
the
99%
the
99%
the
99%
the
99%
Our
98%
Our
98%
Our
98%
our
98%
our
98%
our
98%
Our
98%
Our
98%
on
97%
on
97%
on
97%
on
97%
on
97%
you
97%
on
97%
on
97%
on
97%
you
97%
you
97%
on
97%
you
97%
on
97%
an
96%
and
95%
your
95%
dont
95%
don't
95%
and
95%
and
95%
door
95%
and
95%
and
95%
and
95%
don't
95%
door
95%
and
95%
and
95%
your
95%
and
95%
and
95%
and
95%
your
95%
door
95%
and
95%
and
95%
don't
95%
and
95%
your
95%
and
95%
and
95%
he
94%
late
94%
he
94%
late
94%
late
94%
we
94%
late
94%
he
94%
He
94%
he
94%
late
94%
he
94%
he
94%
late
94%
my
93%
my
93%
know
93%
when
93%
it
93%
it
93%
window
93%
when
93%
window
93%
my
93%
when
93%
when
93%
know
93%
know
93%
my
93%
when
93%
when
93%
it
93%
when
93%
when
93%
When
93%
it
93%
window
93%
my
93%
talk
92%
have
92%
have
92%
have
92%
talk
92%
have
92%
phone
91%
phone
91%
phone
91%
was
90%
was
90%
was
90%
was
90%
in
90%
it's
90%
of
90%
in
90%
his
90%
was
90%
his
90%
out
90%
of
90%
his
90%
out
90%
it's
90%
his
90%
out
90%
it's
90%
slow
89%
slow
89%
slow
89%
real
89%
real
89%
real
89%
screen
88%
said
88%
said
88%
said
88%
said
88%
tapping
88%
screen
88%
tapping
88%
screen
88%
car
88%
tapping
88%
car
88%
'cause
87%
front
87%
way
87%
way
87%
front
87%
front
87%
way
87%
cause
87%
cause
87%
way
87%
'Cause
87%
kiss
86%
kiss
86%
seat
86%
slamming
86%
slamming
86%
seat
86%
slamming
86%
kiss
86%
with
85%
should
85%
should
85%
should
85%
with
85%
we're
84%
first
84%
Got
84%
got
84%
got
84%
we're
84%
first
84%
got
84%
we're
84%
first
84%
got
84%
Sneakin'
83%
wrong
83%
just
83%
hair
83%
down
83%
radio
83%
wrong
83%
sneakin'
83%
hair
83%
radio
83%
down
83%
thinking
83%
sneakin'
83%
mama
82%
undone
82%
say
82%
undone
82%
mama
82%
as
82%
as
82%
mama
82%
laugh
81%
play
81%
play
81%
play
81%
how
81%
riding
81%
laugh
81%
play
81%
riding
81%
didn't
80%
again
80%
didn't
80%
home
80%
something
80%
home
80%
again
80%
home
80%
Nothing
80%
again
80%
baby
80%
didn't
80%
shotgun
80%
other
80%
didn't
80%
something
80%
shotgun
80%
again
80%
heart
79%
turn
79%
wheel
78%
if
78%
God
78%
if
78%
could
78%
if
78%
one
78%
hand
78%
God
78%
could
78%
God
78%
could
78%
date
77%
date
77%
amen
76%
asking
76%
steering
76%
amen
76%
asking
76%
amen
76%
asking
76%
says
75%
says
75%
that
73%
her
73%
that
73%
her
73%
around
73%
look
73%
that
73%
for
71%
man
69%
man
69%
man
69%
to
68%
to
68%
to
68%
to
68%
He's
64%
day
62%
day
62%
every
61%
all
60%
all
60%
had
59%
roses
59%
note
58%
him
58%
feel
57%
porch
57%
everything
57%
after
55%
wrote
55%
notice
55%
trampled
54%
bed
54%
almost
54%
'fore
54%
'fore
54%
'fore
54%
gone
54%
lost
53%
up
53%
napkin
52%
been
52%
away
51%
thrown
50%
lovin'
50%
good
48%
come
48%
old
48%
hallway
48%
pen
48%
well
47%
walking
47%
talks
46%
grabbed
46%
steps
46%
waiting
45%
laughs
44%
along
44%
oh
43%
oh
43%
heard
43%
oh
43%
I've
41%
album
39%
listened
39%
yeah
38%
yeah
38%

Score Distribution

Percentile by Number Answered

Percent of People with Each Score

Your Score History

You have not taken this quiz since the last reset